Statistiques concernant Primes de plus de 1 Millard de Berrys ( One Piece )

Cliquez ici pour prendre le quiz!

Statistiques générales

  • Ce quiz a été pris 49 fois
  • Le résultat moyen est 24 sur 25

Statistiques - réponses

Réponse% Correct
Garp / ~ 3 000 000 000
100%
Kaido / 4 611 100 000
100%
Kid / 3 000 000 000
100%
Linlin / 4 388 000 000
100%
Luffy / 3 000 000 000
100%
Marco / 1 374 000 000
100%
Mihawk / 3 590 000 000
100%
Newgate / 5 046 000 000
100%
Roger / 5 564 800 000
100%
Shanks / 4 048 900 000
100%
Teach / 3 996 000 000
100%
Baggy / 3 189 000 000
98%
Boa Hancock / 1 659 000 000
98%
Crocodile / 1 965 000 000[
98%
Jinbe / 1 100 000 000
98%
Law / 3 000 000 000
98%
Sanji / 1 032 000 000
98%
Zoro / 1 111 000 000
98%
Kizaru / ~ 3 000 000 000
96%
Fujitora / ~ 3 000 000 000
93%
Jack / 1 000 000 000
91%
King / 1 390 000 000
91%
Queen / 1 320 000 000
91%
Katakuri / 1 057 000 000
89%
Ryokugyu / ~ 3 000 000 000
58%

Distribution des résultats

Percentile par nombre de réponses

% des personnes avec chaque résultat

Votre développement - résultats

Vous n’avez pas pris ce quiz